Elite Ball Knowledge #2 - Statistics

General Stats
  • This quiz has been taken 124 times
  • The average score is 11 of 26
Answer Stats
Hint Answer % Correct
Which MLB team plays in Milwaukee? Brewers
95%
Who was the first ever Super Bowl Champion? Green Bay Packers
87%
Who is the only college to ever win both the Mens and Womens basketball national championship in the same calendar year? UCONN
78%
Where did Devin Booker go to college? Kentucky
73%
Who ran the fastest 40 yard dash in NFL combine history? Xavier Worthy
73%
In the 1980's, there were two teams who played in every single NBA Finals matchup for that decade, who were those two teams? Celtics and Lakers
62%
Who has the most viewed highlight tape in college football history? Tavon Austin
62%
What does NBA announcer, Mike Breen, say after a huge 3 pointer in clutch time? BANG
58%
Name one of the four NBA players who led the league in scoring, first team All-NBA defense, MVP, won the finals, and finals MVP in the same season. Michael JordanMichael Jordan Michael Jordan Michael Jordan
51%
Who is the NBA all time rebounds leader? Wilt Chamberlain
47%
Who won the World Series in 2023? Texas Rangers
46%
NFL QB who was a Super Bowl MVP, after working at a grocery store following his college career_____. Kurt Warner
43%
Where did Cooper Kupp go to college? Eastern Washington
39%
Which Pittsburgh Pirate had a 30-30 season in 1992? Barry Bonds
38%
Who was the first overall pick in the 2022 NFL draft? Travon Walker
35%
Name one of the pitchers that had a triple crown in the 2024 season. Tarik SkubalChris Sale
32%
Last name of brothers Drake and Luke, who both played college sports_______. Maye
31%
Oklahoma QB who won the Heisman in 2008? Sam Bradford
30%
Which NBA team has not made it to the finals in 71 years? Sacramento Kings
26%
Who was the first overall pick of the 2024 MLB draft? Travis Bazzana
20%
What sequel movie does Shaq appear in? Grown Ups 2
19%
Former Duke Basketball player who is now the head coach of Arizona State_______. Bobby Hurley
18%
Which two college football teams are a part of the "Backyard Brawl" rivalry? West Virgina Pittsburgh
13%
2022 NL MVP____. Paul Goldschmidt
11%
Who won the college World Series in 2016? Coastal Carolina
9%
Former NFL player who is 2nd all-time in total tackles, who played D3 football_______. London Fletcher
3%
No matching quizzes found
Score Distribution
Percent of People with Each Score
Percentile by Number Answered
Your Score History
You have not taken this quiz